<?xml version="1.0" encoding="UTF-8"?>
<record
    xmlns:xsi="http://www.w3.org/2001/XMLSchema-instance"
    xsi:schemaLocation="http://www.loc.gov/MARC21/slim http://www.loc.gov/standards/marcxml/schema/MARC21slim.xsd"
    xmlns="http://www.loc.gov/MARC21/slim">

  <leader>01587    a2200217   4500</leader>
  <controlfield tag="001">34318</controlfield>
  <controlfield tag="005">20260407155631.0</controlfield>
  <controlfield tag="008">260407a1968    arg                 spa d</controlfield>
  <controlfield tag="003">AR-UNSa-BCEJYS</controlfield>
  <datafield tag="040" ind1=" " ind2=" ">
    <subfield code="a">AR-UNSa-BCEJYS</subfield>
    <subfield code="b">spa</subfield>
    <subfield code="c">AR-UNSa-BCEJYS</subfield>
  </datafield>
  <datafield tag="080" ind1=" " ind2=" ">
    <subfield code="a">336.7</subfield>
    <subfield code="x">Moneda. Sistema monetario. Banca. Bolsa</subfield>
  </datafield>
  <datafield tag="245" ind1="1" ind2="0">
    <subfield code="a">El cr&#xE9;dito y los bancos</subfield>
  </datafield>
  <datafield tag="250" ind1=" " ind2=" ">
    <subfield code="a">3a. ed</subfield>
  </datafield>
  <datafield tag="264" ind1=" " ind2="1">
    <subfield code="a">Bilbao :</subfield>
    <subfield code="b">Ediciones Deusto</subfield>
    <subfield code="c">1968</subfield>
  </datafield>
  <datafield tag="300" ind1=" " ind2=" ">
    <subfield code="a">254 p.</subfield>
    <subfield code="c">22 cm.</subfield>
  </datafield>
  <datafield tag="505" ind1=" " ind2=" ">
    <subfield code="a">I. Ordenaci&#xF3;n del cre&#xE9;dito y de la banca : 1. El banquero: sus or&#xED;gene sy su evoluci&#xF3;n - 2. La ordenaci&#xF3;n bancaria espa&#xF1;ola - 3. Ministerio de hacienda. Banco de espa&#xF1;a. Instituto espa&#xF1;ol de moneda extranjera - 4. La banca privada espa&#xF1;ola - 5. Entidades oficiales de cr&#xE9;dito - 6. Cjas de ahorro y cajas rurales - 7. La organizaci&#xF3;n banacaria en el extranjero - II. Operaciones y servicios bancarios : 8. Relaciones entre banquero y sus clientes - 9. Dep&#xF3;sitos de fondos y cuentas bancarias - 10. El cheque - 11. La transferencia. La carta de cr&#xE9;dito. El acreditamiento - 12. La letra de cambio. El pagar&#xE9; - 13. Servicios del banco en relaci&#xF3;n con valores - 14. Sinopsis de los medios de financiaci&#xF3;n de la empresa - 15. Generalidades sobre las operaciones de cr&#xE9;dito - 16. El cr&#xE9;dito a corto plazo - 17. Cr&#xE9;dito de las cajas de ahorro - 18. El cr&#xE9;dito oficial - 19. Los empr&#xE9;stitos en forma de obligaciones - 20. Cambio, comercio y financiaci&#xF3;n exterior - 21. Est&#xED;mulos a la inversi&#xF3;n</subfield>
  </datafield>
  <datafield tag="041" ind1=" " ind2=" ">
    <subfield code="a">spa</subfield>
  </datafield>
  <datafield tag="942" ind1=" " ind2=" ">
    <subfield code="c">BK</subfield>
  </datafield>
  <datafield tag="590" ind1=" " ind2=" ">
    <subfield code="a">niveau_biblio:m niveau_hierar:0</subfield>
  </datafield>
  <datafield tag="100" ind1="1" ind2=" ">
    <subfield code="a">Tobar, Jos&#xE9; Maria</subfield>
  </datafield>
  <datafield tag="999" ind1=" " ind2=" ">
    <subfield code="c">2436</subfield>
    <subfield code="d">2436</subfield>
  </datafield>
  <datafield tag="952" ind1=" " ind2=" ">
    <subfield code="0">0</subfield>
    <subfield code="1">0</subfield>
    <subfield code="4">0</subfield>
    <subfield code="7">0</subfield>
    <subfield code="a">BCEJYS</subfield>
    <subfield code="b">BCEJYS</subfield>
    <subfield code="c">16</subfield>
    <subfield code="d">2026-04-07</subfield>
    <subfield code="l">0</subfield>
    <subfield code="o">336.7 T628</subfield>
    <subfield code="p">L21922</subfield>
    <subfield code="r">2026-04-07 15:56:31</subfield>
    <subfield code="w">2026-04-07</subfield>
    <subfield code="y">L</subfield>
  </datafield>
</record>
